000 00311nam a2200121Ia 4500
008 190902s9999||||xx |||||||||||||| ||und||
020 _a0-13-790445-2
100 _aAbdul Jabbar Khan
245 0 _aStray thoughts some Socio Economic Issues
260 _aLondon
_bPrentice Hall
_c1998
300 _a154
942 _cBK
999 _c2846
_d2846